Dozorná rada v spoločnosti s ručením obmedzeným

Obsahové vymedzenie pojmu dozorná rada. Členovia dozornej rady. Dozorná rada ako kolektívny orgán. Právne postavenie člena dozornej rady. Právomoci dozornej rady a zodpovednosť za spôsobenú škodu. Zánik funkcie člena dozornej rady.

Uložené v:
Podrobná bibliografia
Hlavný autor: Fekete, Imrich
Médium: Kapitola
Jazyk:Slovak
Predmet:
Tagy: Pridať tag
Žiadne tagy, Buďte prvý, kto otaguje tento záznam!

MARC

LEADER 00000naa a2200000 4500
001 r033040
005 20230911132004.1
041 0 |a slo 
044 |a SK 
245 1 0 |a Dozorná rada v spoločnosti s ručením obmedzeným  |c Imrich Fekete 
520 |a Obsahové vymedzenie pojmu dozorná rada. Členovia dozornej rady. Dozorná rada ako kolektívny orgán. Právne postavenie člena dozornej rady. Právomoci dozornej rady a zodpovednosť za spôsobenú škodu. Zánik funkcie člena dozornej rady. 
610 2 0 |a rady dozorné 
610 2 0 |a spoločnosti s r.o. 
610 2 0 |a legislatíva 
610 2 0 |a osoby fyzické 
610 2 0 |a osoby právnické 
610 2 0 |a Slovensko 
100 1 |a Fekete, Imrich